<?xml version="1.0" encoding="UTF-8"?>
<collection xmlns:xsi="http://www.w3.org/2001/XMLSchema-instance" xsi:schemaLocation="http://www.loc.gov/MARC21/slim http://www.loc.gov/standards/marcxml/schema/MARC21slim.xsd" xmlns="http://www.loc.gov/MARC21/slim">
 <record>
  <leader>00000nam a22000004a 4500</leader>
  <controlfield tag="001">UP-1685954869149704543</controlfield>
  <controlfield tag="003">Buklod</controlfield>
  <controlfield tag="005">20240523095706.0</controlfield>
  <controlfield tag="006">ta    r     000 0 </controlfield>
  <controlfield tag="007">ta</controlfield>
  <controlfield tag="008">240523s2023    ph a    r     00| 0 eng d</controlfield>
  <datafield tag="040" ind1="0" ind2=" ">
   <subfield code="a">DMC</subfield>
   <subfield code="e">rda</subfield>
  </datafield>
  <datafield tag="041" ind1="0" ind2=" ">
   <subfield code="a">eng</subfield>
   <subfield code="b">eng</subfield>
   <subfield code="b">tag</subfield>
  </datafield>
  <datafield tag="090" ind1="0" ind2="0">
   <subfield code="a">LG 993.5 M3</subfield>
   <subfield code="b">L86 2023</subfield>
  </datafield>
  <datafield tag="100" ind1="1" ind2=" ">
   <subfield code="a">Luna, Ana Beatrice Mondragon</subfield>
   <subfield code="e">author</subfield>
  </datafield>
  <datafield tag="245" ind1="1" ind2="0">
   <subfield code="a">Sana all Noi and Tuy</subfield>
   <subfield code="b">a qualitative study on the same-sex celebrity couple representation of Vice Ganda and Ion Perez on Youtube</subfield>
   <subfield code="c">Ana Beatrice Mondragon Luna.</subfield>
  </datafield>
  <datafield tag="264" ind1=" " ind2="0">
   <subfield code="a">Quezon City</subfield>
   <subfield code="b">College of Mass Communication, University of the Philippines </subfield>
   <subfield code="c">2023</subfield>
  </datafield>
  <datafield tag="336" ind1=" " ind2=" ">
   <subfield code="a">text</subfield>
   <subfield code="2">rdacontent</subfield>
  </datafield>
  <datafield tag="337" ind1=" " ind2=" ">
   <subfield code="a">unmediated</subfield>
   <subfield code="2">rdamedia</subfield>
  </datafield>
  <datafield tag="338" ind1=" " ind2=" ">
   <subfield code="a">volume</subfield>
   <subfield code="2">rdacarrier</subfield>
  </datafield>
  <datafield tag="500" ind1=" " ind2=" ">
   <subfield code="a">Vita. </subfield>
  </datafield>
  <datafield tag="502" ind1=" " ind2=" ">
   <subfield code="a">Thesis </subfield>
   <subfield code="b">(B.A. Broadcast Media Arts and Studies)</subfield>
   <subfield code="c">2023</subfield>
  </datafield>
  <datafield tag="504" ind1=" " ind2=" ">
   <subfield code="a">Includes bibliographical references (pages 82-94).</subfield>
  </datafield>
  <datafield tag="506" ind1="0" ind2=" ">
   <subfield code="a">Available to the general public. </subfield>
  </datafield>
  <datafield tag="520" ind1="3" ind2=" ">
   <subfield code="a">This study analyzes the representation of Filipino same-sex couples in the online sphere. particularly the same-sex couple representation of Vice Ganda and Ion Perez in their respective YouTube channels. The research aims to explore the nature of YouTube as a platform for queer creators, to compare the performativity of Vice Ganda and Ion Perez in their vlogs, and to flesh out the implications of their same-sex couple representation to the Filipino queer community at large. In doing so, Butler's theory of gender performativity (1988, 1990) will be used in conjunction with Foucauldian (1978) queer theory and Dyer's Star Theory (1998). The study utilizes Bernard's (2006) textual content analysis to code the research variables, and the data will be analyzed through a thematic analysis. In choosing the unit of analysis, 11 selected videos are picked through purposive sampling by the nature of intersecting events shown in the vlogs of Vice and Ion. This study has demonstrated that Vice and Ion's specific positionality as queer celebrity YouTube personalities enables them to forward and pull back the queer movement through their same-sex couple representation. &#13;
&#13;
Keywords: queer representation, performativity, YouTube, same-sex couple, celebrity &#13;
&#13;
</subfield>
  </datafield>
  <datafield tag="520" ind1="3" ind2=" ">
   <subfield code="a">Inaaral ng papel na ito ang representasyon rig Pilipinong artista na same-sex couple sa mundo ng online. Partikular na tatalakayin dito ang representasyon ni Vice Ganda at Ion Perez bilang isang same-sex couple sa YouTube. Layon ng pag-aaral na siyasatin ang YouTube bilang lugar rig paglikha para sa mga miyembro ng queer community, ipagkumpara ang performativity nina Vice Ganda at Ion Perez sa kanilang vlogs, at mahimauy ang mga implikasyon ng kanilang representasyon sa LGBTQIA++ community sa Pilipinas. Sa paggawa nito, gagamitin ang lente ng teorya ni Butler (1988, 1990) tungkol sa gender performativity katuwang ang queer theory ni Foucault (1978) at star theory ni Dyer (1998). Ang pananaliksik na ito ay gumagamit ng textual content analysis ayon sa paraang inilatag ni Bernard (2006) para kumuha ng datos at susuriin ang mga datos gamit ang thematic analysis. Para gawin ito, purposive sampling ang ginamit para mapili ang 11 na bidyong aaralin base sa vlog ng parehong kaganapan sa buhay ni Vice Ganda at Ion Perez. Naipakita sa papel na ito na ang posisyon ni Vice at Ion bilang mga artistang queer sa YouTube ay nagbibigay sa kanila ng kakayahan na i-abante o i-atras ang queer movement sa pamamagitan ng kanilang representayon bilang isanr same-sex couple.&#13;
&#13;
Keywords: queer representation, performativity, YouTube, same-sex couple, celebrity</subfield>
  </datafield>
  <datafield tag="650" ind1="0" ind2="0">
   <subfield code="a">Performative (Philosophy)</subfield>
  </datafield>
  <datafield tag="650" ind1="0" ind2="0">
   <subfield code="a">Gay couples.</subfield>
  </datafield>
  <datafield tag="650" ind1="0" ind2="0">
   <subfield code="a">Mass media and gay people.</subfield>
  </datafield>
  <datafield tag="700" ind1="1" ind2=" ">
   <subfield code="a">Sanchez, Louie Jon A.</subfield>
   <subfield code="e">adviser.</subfield>
  </datafield>
  <datafield tag="905" ind1=" " ind2=" ">
   <subfield code="a">FI</subfield>
  </datafield>
  <datafield tag="905" ind1=" " ind2=" ">
   <subfield code="a">UP</subfield>
  </datafield>
  <datafield tag="852" ind1="0" ind2=" ">
   <subfield code="a">UPD</subfield>
   <subfield code="b">DMC</subfield>
   <subfield code="h">LG 993.5 M3</subfield>
   <subfield code="i">L86 2023</subfield>
  </datafield>
  <datafield tag="942" ind1=" " ind2=" ">
   <subfield code="a">Thesis</subfield>
  </datafield>
 </record>
</collection>
